Analýza zdaniteľných obchodov z hľadiska dane z pridanej hodnoty u podnikateľov a ich účtovný a daňový aspekt v podmienkach SR diplomová práca

Na minha lista:
Detalhes bibliográficos
Autor principal: Kurajská, Ivana
Autor Corporativo: Fakulta hospodárskej informatiky EU. Katedra účtovníctva a audítorstva
Outros Autores: Vašeková, Miroslava, 1978-
Formato: Livro
Idioma:eslovaco
Publicado em: Bratislava 2014
Tags: Adicionar Tag
Sem tags, seja o primeiro a adicionar uma tag!

MARC

LEADER 00000nbm a2200000 4500
001 0188630
005 20170201104958.0
041 0 |a slo 
044 |a SK 
245 1 0 |a Analýza zdaniteľných obchodov z hľadiska dane z pridanej hodnoty u podnikateľov a ich účtovný a daňový aspekt v podmienkach SR  |b diplomová práca  |c Ivana Kurajská ; školiteľ: Miroslava Vašeková 
264 1 |a Bratislava  |c 2014 
300 |a 65 s. 
100 1 |a Kurajská, Ivana 
700 1 |a Vašeková, Miroslava, 1978- 
710 2 |a Fakulta hospodárskej informatiky EU. Katedra účtovníctva a audítorstva